000 00488nam a2200169Ia 4500
003 GCL
008 140319s9999 xx 000 0 ara d
040 _aGCL /
_cGCL
082 0 4 _aط
_b030
_bس م
100 1 _aسميح الناطور
245 1 0 _aموسوعة الالفيات /
_cسميح الناطور
300 _a10 اجزاء
490 _aماذا اعرف
_v0
650 0 4 _aدوائر المعارف
650 0 4 _aدوائر المعارف العربية
942 _2ddc
_cREF
999 _c59649
_d59649